000 01088nam a22002537a 4500
003 BD-DhSAU
005 20191105153217.0
008 160727b2014 bg ||||| |||| 001 0 eng d
040 _aBD-DhSAU
082 _222
_a630.715
_bIs43
100 _a Islam, Sabiha
_eRegistration # 3086
245 _aStage wise use of cosmopolite interpersonal communication channels in adoption of bari dhan-29 /
_bMS thesis
260 _aSher-e-Bangla Agricultural University :
_bDepartment of Agricultural Extension & Information System,
_c2014
300 _aix, 80 p. :
_bill. ;
_c30 cm.
500 _aMS thesis of Department of Agricultural Extension & Information System, Faculty of Agriculture, Sher-e-Bangla Agricultural University, Dhaka, Bangladesh
590 _aMd. Sirajul Islam
650 _aExtension
650 _aBari dhan-29
650 _aStagewise
700 _aBhuiyan, Mohammad Hossain
_eSupervisor
700 _aAlam, Mohammad Zamshed
_eCo-Supervisor
856 _uhttp://archive.saulibrary.edu.bd:8080/xmlui/handle/123456789/2940
_yOnline Access
942 _2ddc
_cTHESIS
999 _c13476
_d13475